An Introduction to property theory / (Record no. 1592)

MARC details
000 -LEADER
fixed length control field 02969cam a2200409 i 4500
001 - CONTROL NUMBER
control field data
005 - DATE AND TIME OF LATEST TRANSACTION
control field 20260322212108.0
008 - FIXED-LENGTH DATA ELEMENTS--GENERAL INFORMATION
fixed length control field data
035 ## - SYSTEM CONTROL NUMBER
System control number 17072468
010 ## - LIBRARY OF CONGRESS CONTROL NUMBER
LC control number 2011049203
020 ## - INTERNATIONAL STANDARD BOOK NUMBER
International Standard Book Number 9780521113656
Qualifying information hardback
020 ## - INTERNATIONAL STANDARD BOOK NUMBER
International Standard Book Number 9780521130608
Qualifying information paperback
040 ## - CATALOGING SOURCE
Original cataloging agency DLC
Language of cataloging eng
Transcribing agency DLC
Description conventions rda
Modifying agency DLC
042 ## - AUTHENTICATION CODE
Authentication code pcc
050 00 - LIBRARY OF CONGRESS CALL NUMBER
Classification number K720
Item number .A44 2012
082 00 - DEWEY DECIMAL CLASSIFICATION NUMBER
Classification number 346.04
Edition information 23
084 ## - OTHER CLASSIFICATION NUMBER
Classification number LAW074000
Number source bisacsh
100 1# - MAIN ENTRY--PERSONAL NAME
Personal name Alexander, Gregory S.,
Dates associated with a name 1948-
245 10 - TITLE STATEMENT
Title An Introduction to property theory /
Statement of responsibility, etc. Gregory S. Alexander, Cornell University, School of Law; Eduardo M. Peñalver, Cornell University, School of law.
260 ## - PUBLICATION, DISTRIBUTION, ETC.
Place of publication, distribution, etc. Cambridge :
Name of publisher, distributor, etc. Cambridge University Press,
Date of publication, distribution, etc. 2012.
300 ## - PHYSICAL DESCRIPTION
Extent xii, 234 pages ;
Dimensions 24 cm.
336 ## - CONTENT TYPE
Content type term text
Source rdacontent
337 ## - MEDIA TYPE
Media type term unmediated
Source rdamedia
338 ## - CARRIER TYPE
Carrier type term volume
Source rdacarrier
490 0# - SERIES STATEMENT
Series statement Cambridge introductions to philosophy and law
504 ## - BIBLIOGRAPHY, ETC. NOTE
Bibliography, etc. note Includes bibliographical references (pages 215-226) and index.
505 8# - FORMATTED CONTENTS NOTE
Formatted contents note Machine generated contents note: 1. Utilitarian property theories; 2. Locke and libertarian theories of property; 3. Hegelian property theory; 4. Kantian property theory; 5. Property and Human Flourishing; 6. Government redistribution of resources; 7. The right to exclude and its limits; 8. Eminent domain and regulatory takings; 9. Intellectual property.
520 ## - SUMMARY, ETC.
Summary, etc. "This book surveys the leading modern theories of property - Lockean, libertarian, utilitarian/law-and-economics, personhood, Kantian and human flourishing - and then applies those theories to concrete contexts in which property issues have been especially controversial. These include redistribution, the right to exclude, regulatory takings, eminent domain and intellectual property. The book highlights the Aristotelian human flourishing theory of property, providing the most comprehensive and accessible introduction to that theory to date. The book's goal is neither to cover every conceivable theory nor to discuss every possible facet of the theories covered. Instead, it aims to make the major property theories comprehensible to beginners, without sacrificing accuracy or sophistication. The book will be of particular interest to students seeking an accessible introduction to contemporary theories of property, but even specialists will benefit from the book's lucid descriptions of contemporary debates"--
Assigning source Provided by publisher.
650 #0 - SUBJECT ADDED ENTRY--TOPICAL TERM
Topical term or geographic name entry element Property.
650 #0 - SUBJECT ADDED ENTRY--TOPICAL TERM
Topical term or geographic name entry element Property
General subdivision Philosophy.
650 #0 - SUBJECT ADDED ENTRY--TOPICAL TERM
Topical term or geographic name entry element Right of property.
650 #7 - SUBJECT ADDED ENTRY--TOPICAL TERM
Topical term or geographic name entry element LAW / Property.
Source of heading or term bisacsh
700 1# - ADDED ENTRY--PERSONAL NAME
Personal name Peñalver, Eduardo Moisés,
Dates associated with a name 1973-
906 ## - LOCAL DATA ELEMENT F, LDF (RLIN)
a 7
b cbc
c orignew
d 1
e ecip
f 20
g y-gencatlg
925 0# -
-- acquire
-- 1 shelf copy
-- policy default
955 ## - COPY-LEVEL INFORMATION (RLIN)
-- xg09 2011-12-06 to Dewey
-- rd01 2011-12-06
-- rg23 2012-07-27 to BCCD
-- xg13 2012-08-17 copy 2 to LL
Holdings
Withdrawn status Lost status Damaged status Not for loan Home library Current library Shelving location Date acquired Total checkouts Full call number Barcode Date last seen Price effective from Koha item type
        Liberty Liberty General stacks 22/03/2026   346.04 LOC-LPL-00055 22/03/2026 22/03/2026 Books